000 01159cam a2200205 4500
001 WB3809-10
008 020306n2002 000 0 eng u
035 _a(Sirsi) u117023
245 _aOne stop remediation consent
260 _c2002
490 _aRICS Environment Faculty News
_v 5 March 2002 (1)
520 _aGovernment has set up a working party to examine the case for creating a single remediation permit for contaminated sites. The working party will explore whether it is worthwhile to create a 'one stop' consent for remediating sites. The permit could bring together a host of environmental consents, such as those governing water and landfill issues. The group, which includes RICS Environment Faculty representation from chairman Griff Dixon, is due to submit a report later this year. A single remediation license was a recommendation of Lord Rogers' 1999 "Urban Task Force"report http://www.regeneration.dtlr.gov.uk/utf/index.htm
590 _aWB
650 _aCONTAMINATED SITES
650 _aREMEDIATION LICENSES
650 _aURBAN TASK FORCE
650 _aCONSENTS
690 _aENVIRONMENTAL AND LAND CONSULTANCY
942 _n0
999 _c69713
_d69713